Basic Electrical Engineering (Record no. 102331)

MARC details
000 -LEADER
fixed length control field 00545nam a2200193Ia 4500
008 - FIXED-LENGTH DATA ELEMENTS--GENERAL INFORMATION
fixed length control field 230312s9999 xx 000 0 und d
041 ## - LANGUAGE CODE
Language code of text/sound track or separate title eng
082 ## - DEWEY DECIMAL CLASSIFICATION NUMBER
Classification number 621.37
Item number 621.37 MEH
100 ## - MAIN ENTRY--PERSONAL NAME
Personal name Mehta V.K.
9 (RLIN) 126127
245 ## - TITLE STATEMENT
Title Basic Electrical Engineering
Remainder of title For B.E./B.Tech. And Other Engineering Examinations
250 ## - EDITION STATEMENT
Edition statement 5th ed.
260 ## - PUBLICATION, DISTRIBUTION, ETC. (IMPRINT)
Name of publisher, distributor, etc. S. Chand & Company Ltd.
300 ## - PHYSICAL DESCRIPTION
Extent 903
365 ## - TRADE PRICE
Currency code Rs.
Price amount 365.00
700 ## - ADDED ENTRY--PERSONAL NAME
Personal name Mehta.R.
9 (RLIN) 126128
710 ## - ADDED ENTRY--CORPORATE NAME
Corporate name or jurisdiction name as entry element Mehta V.K. & Mehta. R.
9 (RLIN) 126129
906 ## - LOCAL DATA ELEMENT F, LDF (RLIN)
b 124.1

No items available.